书目信息 |
| 题名: |
旅游与遗产保护
|
|
| 作者: | 张朝枝 著 | |
| 分册: | ||
| 出版信息: | 北京 中国旅游出版社 2006 |
|
| 页数: | 255页 | |
| 开本: | 23cm | |
| 丛书名: | 旅游学术文库 | |
| 单 册: | ||
| 中图分类: | F592.1 , S759.992.643 | |
| 科图分类: | ||
| 主题词: | 国家干预--旅游业--研究--张家界市 , 国家干预--自然保护区--管理--研究--张家界市 , 国家干预 , 旅游业 , 自然保护区 | |
| 电子资源: | ||
| ISBN: | 7-5032-3015-0 | |
| 000 | 01405oam2 2200349 450 | |
| 001 | 003355410 | |
| 005 | 20091207094952.25 | |
| 010 | @a7-5032-3015-0@dCNY32.00 | |
| 100 | @a20070109d2006 em y0chiy0110 ea | |
| 101 | 0 | @achi@deng |
| 102 | @aCN@b110000 | |
| 105 | @aa z 000yy | |
| 106 | @ar | |
| 200 | 1 | @a旅游与遗产保护@9lv you yu yi chan bao hu@e政府治理视角的理论与实证@f张朝枝著 |
| 210 | @a北京@c中国旅游出版社@d2006 | |
| 215 | @a255页@c图@d23cm | |
| 225 | 2 | @a旅游学术文库 |
| 312 | @a封面英文题名:Tourism and heritage protection: a case study of Wulingyuan world heritage site | |
| 330 | @a本研究以世界自然遗产武陵源为例,通过深度访谈、抽样调查、实地观测等方法获得大量一手资料,并在此基础上对数据资料进行从制度到政府,再从政府到政策,从政策到政策影响评估的分析,对世界遗产管理的制度设计与遗产旅游管理提出了建议。 | |
| 461 | 0 | @12001 @a旅游学术文库 |
| 510 | 1 | @aTourism and heritage protection@ea case study of Wulingyuan world heritage site@zeng |
| 517 | 1 | @a政府治理视角的理论与实证@9zheng fu zhi li shi jue de li lun yu shi zheng |
| 606 | 0 | @a国家干预@x旅游业@x研究@y张家界市 |
| 606 | 0 | @a国家干预@x自然保护区@x管理@x研究@y张家界市 |
| 606 | 0 | @a国家干预 |
| 606 | 0 | @a旅游业 |
| 606 | 0 | @a自然保护区 |
| 690 | @aF592.1@v4 | |
| 690 | @aS759.992.643@v4 | |
| 701 | 0 | @a张朝枝@9zhang chao zhi@4著 |
| 801 | 0 | @aCN@bNLC@c20091207 |
| 905 | @b20796772-76@dF592.1@e260@f5 | |
| 旅游与遗产保护:政府治理视角的理论与实证/张朝枝著.-北京:中国旅游出版社,2006 |
| 255页:图;23cm.-(旅游学术文库) |
| ISBN 7-5032-3015-0:CNY32.00 |
| 本研究以世界自然遗产武陵源为例,通过深度访谈、抽样调查、实地观测等方法获得大量一手资料,并在此基础上对数据资料进行从制度到政府,再从政府到政策,从政策到政策影响评估的分析,对世界遗产管理的制度设计与遗产旅游管理提出了建议。 |
| ● |
| 相关链接 |
|
|
|
|
正题名:旅游与遗产保护
索取号:F592.1/260
 
预约/预借
| 序号 | 登录号 | 条形码 | 馆藏地/架位号 | 状态 | 备注 |
| 1 | 796772 | 207967725 | 第一样本阅览室/ [索取号:F592.1/260] | 在馆 | |
| 2 | 796773 | 207967734 | 第一借阅区/ [索取号:F592.1/260] | 在馆 | |
| 3 | 796774 | 207967743 | 第一借阅区/ [索取号:F592.1/260] | 在馆 | |
| 4 | 796775 | 207967752 | 第一借阅区/ [索取号:F592.1/260] | 在馆 | |
| 5 | 796776 | 207967761 | 密集书库-资源管理系/ [索取号:F592.1/260] | 在馆 |